000 02522nam a2200313 4500
001 113673
003 DR-UNIBE
005 20250604100517.0
008 250526b1982 dr ||||| |||| 00| 0 spa d
040 _aBIBLIOTECA UNIBE
_bspa
_cBIBLIOTECA UNIBE
_erda
041 _aspa
082 _222
_aRD 972.93063 E79 1982
245 1 4 _aLos Estados Unidos y Trujillo :
_bcolección de documentos del departamento de estado y de las Fuerzas Armadas norteamericanas : año 1946 /
_ceditor: Bernardo Vega ; composición y diagramación: Ninón León de Saleme ; edición: José Chez Checo ; índice onomástico: José Alcántara Almánzar
250 _aPrimera edición
260 _a Santo Domingo :
_b Fundación Cultural Dominicana,
_c1982
300 _a2 tomos :
_bfotos en b/n :
_c26 x 19 cm
505 _aTomo I. Introducción a los tomos correspondientes a 1946 (Lic. Bernardo Vega) | Cronología de eventos | Lista de algunos personajes mencionados en los documentos | Fotografías de los personajes | Análisis de la política norteamericana para América latina en 1946 (Lic. Bernardo Vega) | El acercamiento de Trujillo a los comunistas (Lic. Bernardo Vega) | Los cabilderos de Trujillo (Lic. Bernardo Vega), 67 | Las armas brasileñas (Lic. Bernardo Vega) | Los complots de Trujillo contra Betancourt y Grau en 1946 | Índice de abreviaturas utilizadas | Índice de los documentos correspondientes a 1946 | Reproducción de documentos | Índice onomástico. Tomo I. Introducción al Tomo II | Trabajo - Comunismo en la República Dominicana. Reporte del FBI | El regimen trujillista en la República Dominicana (1930-1946). Reporte del Departamento de Estado | Índice onomástico
600 7 _aTrujillo Molina, Rafael Leonidas,
_d1891-1961
_939608
651 7 _2lemb
_a República Dominicana
_xHistoria
_yEra de Trujillo 1930-1061
_9195888
651 7 _2lemb
_aRepública Dominicana
_xHistoria
_vFuentes
_930123
651 7 _aEstados Unidos
_xRelaciones exteriores
_zRepública Dominicana
_vFuentes
_9195889
651 7 _2lemb
_aRepública Dominicana
_xPolítica y gobierno
651 7 _2lemb
_aRepública Dominicana
_xRelaciones exteriores
_zEstados Unidos
_vFuentes
_9195895
700 1 0 _aVega, Bernardo,
_d1938-
_91421
_eeditor
700 1 0 _aChez Checo, José
_q(Chez Checo, José Felipe),
_d1949-
_9193932
_ecuidado de la edición
700 1 0 _aLeón de Saleme, Ninón
_ediagramador
_qcomposición
_9195891
700 1 0 _aAlcántara Almánzar, José,
_d1946-
_94696
_eíndice onomástico
942 _2ddc
_cBK
999 _c113673
_d113673